000 01134nam a2200313 i 4500
003 EG-GICUC
005 20260226145213.0
008 251221s1985 ua ||||fr|||| 00| 0 ara d
017 _a1984/7057
040 _a EG-GICUC
_bara
_c EG-GICUC
_d EG-GICUC
_erda
041 0 _aara
082 0 4 _221
_a345.454
_bع م . و
092 0 4 _221
099 _aLaw1 07 345.454 ع م . و 1985
100 0 _aعمرو فؤاد بركات
_eمؤلف.
245 1 2 _aالوقف الاحتياطي :
_bدراسة مقارنة /
_cالدكتور عمرو فؤاد بركات.
264 1 _a[مكان نشر غير محدد] :
_b[الناشر غير محدد]،
_c1985.
300 _a118 صفحة ؛
_c24 سم.
336 _2rda content
_atext
337 _2rda media
_aComputer
338 _2rda carrier
_aOnline Resource
504 _a. 115-116 ببليوجرافيا: صفحات
546 _aالنص باللغة العربية
650 1 4 _aالاحال التأديب وأثارها
650 1 4 _aالقانون الأدارى
856 4 0 _uhttps://fll.law.cu.edu.eg/fulltext/bks/B07-01508.pdf
905 _a77
942 _2ddc
_cBK
_e21
_n0
999 _c52061
_d52061